000 01686nam a22002777 4500
999 _c1158
_d1158
003 AR-BaISA
005 20221031130213.0
007 ta
008 221031s2001 sp |||| |||| 000 0 spa d
020 _a8474322375
040 _bspa
_cAR-BaISA
082 0 4 _222
_a155.5 M316
100 1 _92617
_aMannoni, Octave
_eaut.
245 1 3 _aLa crisis de la adolescencia /
_cpor O. Mannoni, A. Deleuz, B. Gibello y J. Hébrard
260 _aBarcelona:
_bGedisa,
_c[2001]
300 _a162 p.
490 1 _aSerie Freudiana
505 _tMAUD MANNONI / PRESENTACIÓN
_tEL CAMPO PSICOANALÍTICO:
_tOctave Mannoni / ¿En analizable la adolescencia? --
_tDiscusión --
_tMesas redondas y actas:
_t¿Por qué la esquizofrenia se declara al final de la adolescencia? --
_tLa noción de "crisis". Desciframiento y tratamiento --
_tPedagogía y/o psicoterapia --
_tTrayectorias de adolescentes en la institución y fuera de ella --
_tEl adolescente y la familia --
_tReflexiones sobre el paso al acto en el adolescente y en la psicosis --
_tLa anorexia y sus aspectos paradójicos --
_tFenómeno especular y contratransferencia en la problemática de la toxicomanía
_tEL CAMPO MEDICOPEDAGÓGICO:
_tBernard Gibello / Consideraciones sobre la psicopatología de la intelegencia --
_tDiscusión
_tEN CAMPO DE LA HISTORIA Y DE LA ANTROPOLOGÍA:
_tJean Hébrard / Versión de la comunicación --
_tAriane Deluz / Comunicación --
_tDiscusión
650 1 0 _92618
_aPsicología del adolescente
650 1 0 _9141
_aPsicoanálisis
700 1 _92620
_aDeluz, Ariane
_eaut.
700 1 _92621
_aGibello, Bernard
_eaut.
700 1 _92622
_aHébrard, Jean
_eaut.
830 _92619
_aSerie Freudiana
942 _2ddc
_cLI
_e22